000 00833nam a2200181 4500
001 121467
003 ES-MaACL
005 20230906191745.0
007 t|
008 070214m19671968sp r ||||1| spa d
245 0 0 _aPlan general de contabilidad.
260 _aMadrid :
_bCompañía Bibliográfica Española,
_c1967-1968.
300 _a5 v. :
_bil. ;
_c24 cm.
505 8 _aContiene: I. Contabilidad y gestión económica de la empresa - II. Normalización, racionalización, guías contables ; Volumen, costos, beneficios - III. Contabilidad general - IV. Contabilidad analítica de explotación - V. De la contabilidad analítica a la gestión presupuestaria: monografía de una empresa
650 0 0 _aContabilidad-
_zEspaña.
_911308
710 2 _aCompañía Bibliográfica Española.
_9171207
852 _aES-MaACL
_jC-34558-62
999 _c121467
_d121467